ბათუმის შოთა რუსთაველის სახელმწიფო უნივერსიტეტის ბიბლიოთეკა

ქართული ლიტერატურის სწავლების თეორია და პრაქტიკა (ბიბ.ჩანაწერი № 49550)

000 -LEADER
fixed length control field 00966nam a2200229Ia 4500
001 - CONTROL NUMBER
control field 16481
003 - CONTROL NUMBER IDENTIFIER
control field GE_BSU
008 - FIXED-LENGTH DATA ELEMENTS--GENERAL INFORMATION
fixed length control field 181216s||||||||xx |||||||||||||| ||und||
020 ## - INTERNATIONAL STANDARD BOOK NUMBER
International Standard Book Number 978-9941-9189-0-2
040 ## - CATALOGING SOURCE
Transcribing agency GE_BSU
080 ## - UNIVERSAL DECIMAL CLASSIFICATION NUMBER
Universal Decimal Classification number 821.353.1(072)
100 ## - MAIN ENTRY--PERSONAL NAME
Personal name ღამბაშიძე, ნინო
245 ## - TITLE STATEMENT
Title ქართული ლიტერატურის სწავლების თეორია და პრაქტიკა
250 ## - EDITION STATEMENT
Edition statement ამერიკული აკად. თბილისში, განათლ. განვითარებისა და კვლევის ცენტრი.მე-2 გამოც.
260 ## - PUBLICATION, DISTRIBUTION, ETC.
Place of publication, distribution, etc. თბილისი
260 ## - PUBLICATION, DISTRIBUTION, ETC.
Name of publisher, distributor, etc. არტლაინსი
260 ## - PUBLICATION, DISTRIBUTION, ETC.
Date of publication, distribution, etc. 2011
300 ## - PHYSICAL DESCRIPTION
Extent 48გვ;29სმ,
653 ## - INDEX TERM--UNCONTROLLED
Uncontrolled term ქართული ლიტერატურის სწავლების მეთოდიკა;
942 ## - ADDED ENTRY ELEMENTS (KOHA)
Koha item type წიგნი
ეგზემპლარები
Withdrawn status Lost status Damaged status Not for loan Date acquired Barcode Date last seen Price effective from Koha item type Public note
        2018-12-17 41074 2018-12-17 2018-12-17 წიგნი  
        2018-12-17 41075 2018-12-17 2018-12-17 წიგნი  
        2018-12-17 41076 2018-12-17 2018-12-17 წიგნი  
        2018-12-17 41077 2018-12-17 2018-12-17 წიგნი  
        2018-12-17 41078 2018-12-17 2018-12-17 წიგნი  
        2018-12-17 41079 2018-12-17 2018-12-17 წიგნი  
        2018-12-17 41080 2018-12-17 2018-12-17 წიგნი  
        2018-12-17 41081 2018-12-17 2018-12-17 წიგნი  
        2018-12-17 41082 2018-12-17 2018-12-17 წიგნი  
        2018-12-17 41083 2018-12-17 2018-12-17 წიგნი  
        2018-12-17 47606 2018-12-17 2018-12-17 წიგნი 8ლ.5თ.
        2018-12-17 47607 2018-12-17 2018-12-17 წიგნი 8ლ.5თ.
        2018-12-17 47608 2018-12-17 2018-12-17 წიგნი 5ლ.5თ.
        2018-12-17 47609 2018-12-17 2018-12-17 წიგნი 8ლ.5თ.
        2018-12-17 47610 2018-12-17 2018-12-17 წიგნი 8ლ.5თ.
        2018-12-17 47611 2018-12-17 2018-12-17 წიგნი 8ლ.5თ.
        2018-12-17 47612 2018-12-17 2018-12-17 წიგნი 8ლ.5თ.
        2018-12-17 47613 2018-12-17 2018-12-17 წიგნი 8ლ.5თ.
        2018-12-17 47614 2018-12-17 2018-12-17 წიგნი 8ლ.5თ.
        2018-12-17 47615 2018-12-17 2018-12-17 წიგნი 8ლ.5თ.